<?xml version="1.0" encoding="UTF-8"?>
<collection xmlns="http://www.loc.gov/MARC21/slim">
 <record>
  <leader>02089pam a22002658a 4500</leader>
  <controlfield tag="001">00030257</controlfield>
  <controlfield tag="008">130104s2008                  ||||||engsd</controlfield>
  <controlfield tag="005">20171026081022.0</controlfield>
  <datafield tag="020" ind1="#" ind2="#">
   <subfield code="a">978046200028-2</subfield>
  </datafield>
  <datafield tag="041" ind1="0" ind2="#">
   <subfield code="a">eng</subfield>
  </datafield>
  <datafield tag="082" ind1="1" ind2="4">
   <subfield code="a">428</subfield>
   <subfield code="b">A102I</subfield>
  </datafield>
  <datafield tag="100" ind1="1" ind2="#">
   <subfield code="a">Bazin, Anthea</subfield>
  </datafield>
  <datafield tag="245" ind1="1" ind2="0">
   <subfield code="a">Achieve IELTS 1</subfield>
   <subfield code="b">Practice test book</subfield>
   <subfield code="c">Anthea Bazin, Elaine Boyd</subfield>
  </datafield>
  <datafield tag="260" ind1="#" ind2="#">
   <subfield code="a">United Kingdom</subfield>
   <subfield code="b">Heinle Cengage learning</subfield>
   <subfield code="c">2008</subfield>
  </datafield>
  <datafield tag="300" ind1="#" ind2="#">
   <subfield code="e">2 CD</subfield>
   <subfield code="a">112 p.</subfield>
   <subfield code="b">ill.</subfield>
   <subfield code="c">28 cm.</subfield>
  </datafield>
  <datafield tag="653" ind1="#" ind2="#">
   <subfield code="a">IELTS</subfield>
  </datafield>
  <datafield tag="653" ind1="#" ind2="#">
   <subfield code="a">Tiếng Anh</subfield>
  </datafield>
  <datafield tag="653" ind1="#" ind2="#">
   <subfield code="a">Sách bài tập</subfield>
  </datafield>
  <datafield tag="700" ind1="1" ind2="#">
   <subfield code="a">Boyd, Elaine</subfield>
  </datafield>
  <datafield tag="852" ind1="#" ind2="#">
   <subfield code="b">Kho giáo trình</subfield>
   <subfield code="j">KGT.0035909, KGT.0035910, KGT.0035911, KGT.0035912, KGT.0035913, KGT.0035914, KGT.0035915, KGT.0035916, KGT.0035917, KGT.0035918, KGT.0035919, KGT.0035920, KGT.0035921, KGT.0035922, KGT.0035923, KGT.0035924, KGT.0035925, KGT.0035926, KGT.0035927, KGT.0035928, KGT.0035929, KGT.0035930, KGT.0035931, KGT.0035932, KGT.0035933, KGT.0035934, KGT.0035935, KGT.0035936, KGT.0035937, KGT.0035938, KGT.0035939, KGT.0035940, KGT.0035941, KGT.0035942, KGT.0035943, KGT.0035944, KGT.0035945, KGT.0035946, KGT.0035947, KGT.0035948, KGT.0035949, KGT.0035950, KGT.0035951, KGT.0035952, KGT.0035953, KGT.0035954, KGT.0035955, KGT.0035956, KGT.0035957</subfield>
  </datafield>
  <datafield tag="852" ind1="#" ind2="#">
   <subfield code="b">Kho mượn</subfield>
   <subfield code="j">KGT.0035909</subfield>
  </datafield>
  <datafield tag="852" ind1="#" ind2="#">
   <subfield code="j">KGT.0035909</subfield>
   <subfield code="j">KGT.0035911</subfield>
   <subfield code="j">KGT.0035912</subfield>
   <subfield code="j">KGT.0035914</subfield>
   <subfield code="j">KGT.0035915</subfield>
   <subfield code="j">KGT.0035917</subfield>
   <subfield code="j">KGT.0035918</subfield>
   <subfield code="j">KGT.0035920</subfield>
   <subfield code="j">KGT.0035921</subfield>
   <subfield code="j">KGT.0035923</subfield>
   <subfield code="j">KGT.0035924</subfield>
   <subfield code="j">KGT.0035931</subfield>
   <subfield code="j">KGT.0035932</subfield>
   <subfield code="j">KGT.0035934</subfield>
   <subfield code="j">KGT.0035935</subfield>
   <subfield code="j">KGT.0035937</subfield>
   <subfield code="j">KGT.0035938</subfield>
   <subfield code="j">KGT.0035940</subfield>
   <subfield code="j">KGT.0035941</subfield>
   <subfield code="j">KGT.0035943</subfield>
   <subfield code="j">KGT.0035944</subfield>
   <subfield code="j">KGT.0035946</subfield>
   <subfield code="j">KGT.0035947</subfield>
   <subfield code="j">KGT.0035949</subfield>
   <subfield code="j">KGT.0035951</subfield>
   <subfield code="j">KGT.0035952</subfield>
   <subfield code="j">KGT.0035954</subfield>
   <subfield code="j">KGT.0035955</subfield>
   <subfield code="j">KGT.0035957</subfield>
   <subfield code="j">KGT.0035926</subfield>
   <subfield code="j">KGT.0035928</subfield>
   <subfield code="j">KGT.0035929</subfield>
   <subfield code="j">KD.0014297</subfield>
   <subfield code="j">KGT.0035910</subfield>
   <subfield code="j">KGT.0035913</subfield>
   <subfield code="j">KGT.0035916</subfield>
   <subfield code="j">KGT.0035919</subfield>
   <subfield code="j">KGT.0035922</subfield>
   <subfield code="j">KGT.0035925</subfield>
   <subfield code="j">KGT.0035927</subfield>
   <subfield code="j">KGT.0035930</subfield>
   <subfield code="j">KGT.0035933</subfield>
   <subfield code="j">KGT.0035936</subfield>
   <subfield code="j">KGT.0035939</subfield>
   <subfield code="j">KGT.0035942</subfield>
   <subfield code="j">KGT.0035945</subfield>
   <subfield code="j">KGT.0035948</subfield>
   <subfield code="j">KGT.0035950</subfield>
   <subfield code="j">KGT.0035953</subfield>
   <subfield code="j">KGT.0035956</subfield>
  </datafield>
  <datafield tag="852" ind1="#" ind2="#">
   <subfield code="b">Kho đọc</subfield>
   <subfield code="j">KD.0014297</subfield>
  </datafield>
  <datafield tag="910" ind1=" " ind2=" ">
   <subfield code="d">04/01/2013</subfield>
  </datafield>
  <datafield tag="980" ind1="#" ind2="#">
   <subfield code="a">Trung tâm Học liệu Lê Vũ Hùng, Trường Đại học Đồng Tháp</subfield>
  </datafield>
 </record>
</collection>
